Merchant to the millions : A

Tallennettuna:
Bibliografiset tiedot
Aineistotyyppi: Kirja
Kieli:Undetermined
Julkaistu: New York Sears, Roebuck 1978
Aiheet:
Tagit: Lisää tagi
Ei tageja, Lisää ensimmäinen tagi!
Thư viện lưu trữ: Trung tâm Học liệu Trường Đại học Cần Thơ
LEADER 00455nam a2200169Ia 4500
001 CTU_89166
008 210402s9999 xx 000 0 und d
082 |a 338.8 
082 |b M552 
245 0 |a Merchant to the millions : 
245 0 |b A 
260 |a New York 
260 |b Sears, Roebuck 
260 |c 1978 
650 |a Commercial policy,International economic relations 
904 |i Trúc 
980 |a Trung tâm Học liệu Trường Đại học Cần Thơ